[Event "UKR-RUS LCWL bullet 1+1"]
[Site "Chess.com INT"]
[Date "2020.05.17"]
[Round "1.41"]
[White "Rusanov, Alexander"]
[Black "Zavgorodniy, Sergiy"]
[Result "0-1"]
[WhiteElo "2049"]
[BlackElo "2418"]
[PlyCount "62"]
[EventDate "2020.05.17"]
[EventType "team-match (blitz)"]
[EventRounds "2"]
[EventCountry "UKR"]
[SourceTitle "CBM 196 Extra"]
[Source "ChessBase"]
[SourceDate "2020.07.31"]
[SourceVersion "1"]
[SourceVersionDate "2020.07.31"]
[SourceQuality "1"]
[WhiteTeam "Russia"]
[BlackTeam "Ukraine"]
[WhiteTeamCountry "RUS"]
[BlackTeamCountry "UKR"]

1. e4 e5 2. Nf3 d6 3. d4 exd4 4. Nxd4 Nf6 5. Nc3 Be7 6. Be2 0-0 7. h3 Re8 8. 0-0 Bf8 9. Bf3 c6 10. Be3 Nbd7 11. Qd2 Nc5 12. Bg5 h6 13. Bh4 g5 14. Bg3 Nfxe4 15. Nxe4 Nxe4 16. Bxe4 Rxe4 17. Rfe1 d5 18. Nf3 Bf5 19. Rad1 Qf6 20. Rxe4 Bxe4 21. c3 Bxf3 22. gxf3 Qxf3 23. Qd4 Re8 24. Qd2 Bc5 25. Qd3 Re1+ 26. Rxe1 Qxd3 27. Kg2 f5 28. Re6 f4 29. Bh2 Kf7 30. Rxh6 Qe4+ 31. Kg1 Qe1+ 0-1

[Event "Politiken Cup 24th"]
[Site "Copenhagen"]
[Date "2002.07.24"]
[Round "9"]
[White "Rasmussen, Henning"]
[Black "Rusanov, Alexander"]
[Result "1/2-1/2"]
[WhiteElo "1743"]
[BlackElo "1429"]
[PlyCount "36"]
[EventDate "2002.07.15"]
[EventType "swiss"]
[EventRounds "11"]
[EventCountry "DEN"]
[SourceTitle "CBM 089 Extra"]
[Source "ChessBase"]
[SourceDate "2002.09.10"]
[SourceVersion "2"]
[SourceVersionDate "2002.09.10"]
[SourceQuality "1"]

1. d4 f5 2. c4 Nf6 3. Nc3 e6 4. Nf3 Be7 5. g3 0-0 6. Bg2 d6 7. 0-0 Nbd7 8. Qc2 Qe8 9. e4 fxe4 10. Nxe4 Nxe4 11. Qxe4 Nf6 12. Qd3 Qh5 13. h4 Ng4 14. Nh2 Nxh2 15. Kxh2 Bf6 16. Bf3 Qf5 17. Be4 Qh5 18. Bf3 Qf5 1/2-1/2